| 000 | 00337nam a2200133Ia 4500 | ||
|---|---|---|---|
| 008 | 191201s1990 xx 000 0 und d | ||
| 082 |
_a005.74 _bDEI |
||
| 100 | _aDESAI, Bipin C | ||
| 245 | 3 | _aAn Introduction to Database Systems | |
| 260 |
_aN.Delhi _bGalgatia Pub. Pvt _c1990 |
||
| 300 | _a934 | ||
| 650 | _aB.Tech(IT) | ||
| 942 |
_2ddc _cBK |
||
| 999 |
_c3310 _d3310 |
||